Almanach der Schweiz / 2.1978
| Medienart: | Druck Buch |
|---|---|
| Sprache: | Deutsch |
| Veröffentlicht: |
1978
|
| In: |
Almanach der Schweiz Daten u. Kommentare zu Bevölkerung, Ges. u. Politik
Jahr: 1978 |
| Bestand in Tübingen: | In Tübingen vorhanden. IFK: H II 25 |
| Verfügbarkeit prüfen: | HBZ Gateway |
| Subito Bestelldienst: | Jetzt bestellen. |
MARC
| LEADER | 00000cam a2200000 cc4500 | ||
|---|---|---|---|
| 001 | 1076127185 | ||
| 003 | DE-627 | ||
| 005 | 20260506080958.0 | ||
| 007 | tu | ||
| 008 | 850101s1978 xx ||||| 00| ||ger c | ||
| 020 | |a 3261030984 |9 3-261-03098-4 | ||
| 035 | |a (DE-627)1076127185 | ||
| 035 | |a (DE-576)006127185 | ||
| 035 | |a (DE-599)BSZ006127185 | ||
| 040 | |a DE-627 |b ger |c DE-627 |e rakwb | ||
| 041 | |a ger | ||
| 245 | 0 | 0 | |a Almanach der Schweiz |n 2.1978 |
| 264 | 1 | |c 1978 | |
| 300 | |a 281 S. | ||
| 336 | |a Text |b txt |2 rdacontent | ||
| 337 | |a ohne Hilfsmittel zu benutzen |b n |2 rdamedia | ||
| 338 | |a Band |b nc |2 rdacarrier | ||
| 773 | 1 | 8 | |a Almanach der Schweiz Daten u. Kommentare zu Bevölkerung, Ges. u. Politik |w (DE-627)13061923X |w (DE-576)016126165 |w (DE-600)795372-0 |g 2.1978 |q 1978,2 |7 nnas |
| 935 | |h SWB |i vSatz | ||
| 951 | |a JV | ||
| ELC | |b 1 | ||
| LOK | |0 000 xxxxxcx a22 zn 4500 | ||
| LOK | |0 001 2873257873 | ||
| LOK | |0 003 DE-627 | ||
| LOK | |0 004 1076127185 | ||
| LOK | |0 005 20151116134945 | ||
| LOK | |0 008 150728||||||||||||||||ger||||||| | ||
| LOK | |0 040 |a DE-21-110 |c DE-627 |d DE-21-110 | ||
| LOK | |0 852 |a DE-21-110 | ||
| LOK | |0 852 1 |c H II 25 |m p |9 00 | ||
| LOK | |0 935 |a k110 | ||
| LOK | |0 938 |k p | ||
| LOK | |0 939 |a 2015-07-28 |b l01 | ||
| ORI | |a WA-MARC-krimdoka001.raw | ||
| SIG | |a IFK: H II 25 | ||
